| 000 | 00682cab a2200241 4500 | ||
|---|---|---|---|
| 001 | ABS54344 | ||
| 008 | 090401t1996 xxu||||| |||| 00| 0 eng d | ||
| 035 | _a(Sirsi) u9905 | ||
| 041 | _aeng | ||
| 100 | _aLawrence, B. | ||
| 245 | _aEmpty words | ||
| 260 | _c1996 | ||
| 350 | _a0 | ||
| 490 |
_aRoof _vJanuary/February 1996, 32-34(3) |
||
| 520 | _aDiscusses the current state of empty housing, giving statistics by sector with an outline of local authority projects to combat the problem. | ||
| 650 | _aEMPTY HOMES AGENCY | ||
| 650 | _aEMPTY HOUSES | ||
| 650 | _aEMPTY PROPERTY | ||
| 650 | _aLOCAL AUTHORITIES | ||
| 690 | _aHOUSING | ||
| 942 | _n0 | ||
| 948 | _c04/03/1997 | ||
| 999 |
_c6230 _d6230 |
||